| 000 | 01134nam a22002657a 4500 | ||
|---|---|---|---|
| 005 | 20170124103006.0 | ||
| 010 | _aA-574134 | ||
| 020 | _c50.00 | ||
| 035 | _aA-574134 | ||
| 037 | _bCen Lib/Ret | ||
| 040 |
_aDPL _bHN |
||
| 082 |
_aउ _bचौधरी |
||
| 100 |
_aचौधरी, रघुवीर _956409 |
||
| 245 |
_aलगाव / _cरघुवीर चौधरी ; अनुवादक फूलचन्द गुप्ता |
||
| 246 |
_aLagaav / _bby Raghuveer Chaudhari ; anuvadak Foolchand Gupta |
||
| 260 |
_aदिल्ली _bहिमाचल पुस्तक भंडार _c1992 |
||
| 270 |
_aIX/221, सरस्वती भंडार, गांधीनगर _bदिल्ली _e110031 |
||
| 300 |
_a184पृ. _c17सेमी (सजिल्द) |
||
| 650 |
_aहिन्दी -- साहित्य _956410 |
||
| 650 |
_aहिन्दी -- उपन्यास _956411 |
||
| 650 |
_aHindi -- Literature _956412 |
||
| 650 |
_aHindi -- Fiction _927248 |
||
| 700 |
_aगुप्ता, फूलचन्द _956413 |
||
| 942 |
_2ddc _cHN _hउ _mचौधरी |
||
| 999 |
_c114337 _d114337 |
||